LIBRARY & INFORMATION CENTRE, KCAET, TAVANUR

ONLINE PUBLIC ACCESS CATALOGUE (OPAC)

Aralippookkal / (Record no. 5071)

MARC details
000 -LEADER
fixed length control field 00396cam a2200169ua 4500
041 ## - LANGUAGE CODE
Language code of text/sound track or separate title mal
082 ## - DEWEY DECIMAL CLASSIFICATION NUMBER
Classification number 894.8121
Item number KUM/AR
100 ## - MAIN ENTRY--AUTHOR NAME
Personal name Kumara pillai, G .
245 ## - TITLE STATEMENT
Title Aralippookkal /
260 ## - PUBLICATION, DISTRIBUTION, ETC. (IMPRINT)
Place of publication :
Name of publisher G Kumara pillai ,
Year of publication 1961.
300 ## - PHYSICAL DESCRIPTION
Number of Pages 109 ; .
942 ## - ADDED ENTRY ELEMENTS (KOHA)
Koha item type Books
Holdings
Withdrawn status Lost status Damaged status Home library Current library Date acquired Full call number Accession Number Koha item type
Withdrawn     KAUAET Malayalam University 07/04/2012 894.8121 167 Books
free website counter